• 首页
  • 本馆介绍
  • 公告通知
  • 最新文献
  • 馆藏检索
  • 电子资源
  • 读者导购
  • 参考咨询
  • 我的图书馆
  • 登录
  • 详细信息显示
  • 放入我的书架
  • 预约/预借图书
  • 作者相关作品
  • 分类相关作品
  • 丛书相关作品
  • 出版社相关作品

书目信息

  • 表格格式
  • 工作单格式
  • 卡片格式
题名:
民航国际货运销售实务
    
 
作者: 陈彦华 主编
分册:  
出版信息: 北京   中国民航出版社  2009.12
页数: 379页
开本: 26cm
丛书名: 中国航空运输协会指定培训教材
单 册:
中图分类: F560.84 , F560
科图分类:
主题词: 民航运输--国际运输--货物运输--运输业务--技术培训--教材
电子资源:
ISBN: 978-7-80110-949-1
000 00998nam 2200253 450
001 2371217427
005 20231212194752.21
010    @a978-7-80110-949-1@d65.00CNY
100    @a20100930d2009 em y0chiy50 ea
101 0  @achi
102    @aCN@b110000
105    @aa z 000yy
200 1  @a民航国际货运销售实务@Amin hang guo ji huo yun xiao shou shi wu@f陈彦华主编
210    @a北京@c中国民航出版社@d2009.12
215    @a379页@c图@d26cm
225 2  @a中国航空运输协会指定培训教材@Azhong guo hang kong yun shu xie hui zhi ding pei xun jiao cai@i航空运输代理培训系列
330    @a本书内容包括: 货运业务资料介绍、机型与装器、国际货物收运、运价与运费、航空货运单、特种货物运输、国际货物进出境联检手续等。
410  0 @12001 @a中国航空运输协会指定培训教材@i航空运输代理培训系列
606 0  @a民航运输@x国际运输@x货物运输@x运输业务@x技术培训@j教材
690    @aF560.84@v5
690    @aF560@v4
701  0 @a陈彦华@Achen yan hua@4主编
801  0 @aCN@b湖北三新@c20140626
905    @aBZT@dF560@e4
    
    民航国际货运销售实务/陈彦华主编.-北京:中国民航出版社,2009.12
    379页:图;26cm.-(中国航空运输协会指定培训教材.航空运输代理培训系列)
    
    
    ISBN 978-7-80110-949-1:65.00CNY
    本书内容包括: 货运业务资料介绍、机型与装器、国际货物收运、运价与运费、航空货运单、特种货物运输、国际货物进出境联检手续等。
●
相关链接 在五车中查询图书 在当当中查询图书 在豆瓣中查询图书


正题名:民航国际货运销售实务     索取号:F560/4         预约/预借

序号 登录号 条形码 馆藏地/架位号 状态 备注
1 2001598666   2001598666   辽三/辽宁北配(第三批)/2143/ [索取号:F560/4] 在馆    
2 2001598667   2001598667   辽三/辽宁北配(第三批)/2143/ [索取号:F560/4] 在馆    
3 2001598668   2001598668   辽三/辽宁北配(第三批)/2143/ [索取号:F560/4] 在馆    
4 2001598669   2001598669   辽三/辽宁北配(第三批)/2143/ [索取号:F560/4] 在馆    
5 2001598670   2001598670   辽三/辽宁北配(第三批)/2143/ [索取号:F560/4] 在馆    
6 2001598671   2001598671   辽三/辽宁北配(第三批)/2143/ [索取号:F560/4] 在馆    
7 2001598672   2001598672   辽三/辽宁北配(第三批)/2143/ [索取号:F560/4] 在馆    
山东省滨州职业学院图书馆 欢迎您!
大连网信软件有限公司© 版权所有